Microscopic Optical Potentials: Proceedings of the Hamburg Topical Workshop on Nuclear Physics held at the University of Hamburg, Hamburg, Germany, September 25-27, 1978

Bibliographic Details
Corporate Author: Microscopic Optical Potentials
Other Authors: Geramb H. V. (редактор)
Language:English
Published: Berlin, Springer-Verlag, 1979
Series:Lecture Notes in Physics V. 89
Subjects:
Format: Book
KOHA link:https://koha.lib.tpu.ru/cgi-bin/koha/opac-detail.pl?biblionumber=202521

MARC

LEADER 00000nam0a2200000 4500
001 202521
005 20231031185407.0
010 |a 3540091068 
035 |a (RuTPU)RU\TPU\book\220683 
090 |a 202521 
100 |a 20111014d1979 km y0rusy50 ca 
101 0 |a eng 
102 |a DE 
105 |a a z 101zy 
200 1 |a Microscopic Optical Potentials  |e Proceedings of the Hamburg Topical Workshop on Nuclear Physics held at the University of Hamburg, Hamburg, Germany, September 25-27, 1978  |f edited by H. V. Geramb 
210 |a Berlin  |c Springer-Verlag  |d 1979  |a New York 
215 |a 481 с.  |c il. 
225 1 |a Lecture Notes in Physics  |v V. 89 
610 1 |a физическая оптика 
610 1 |a оптические системы 
610 1 |a микроскопическое исследование 
610 1 |a ядерная спектроскопия 
610 1 |a ядерная оптика 
610 1 |a Германия 
610 1 |a конференции 
610 1 |a английский язык 
675 |a 535.317  |v 3 
702 1 |a Geramb  |b H. V.  |4 340 
712 1 2 |a Microscopic Optical Potentials  |e Germany  |f 1978 
801 1 |a RU  |b 63413507  |c 20111014 
801 2 |a RU  |b 63413507  |c 20111110  |g RCR 
942 |c BK